| 000 | 01461nam0a22003611 4500 | ||
|---|---|---|---|
| 001 | rc\3335232 | ||
| 005 | 20250609213808.0 | ||
| 021 |
_aRU _b[74-23785] |
||
| 035 | _a(NLR Aleph) 007514624 | ||
| 090 |
_a7706229 _c7706229 |
||
| 100 | _a20130115d1974 |||y0rusy50 ca | ||
| 101 | 1 |
_arus _ceng |
|
| 102 | _aRU | ||
| 105 | _aa z ||||| | ||
| 200 | 1 |
_aИнтерметаллические соединения редкоземельных металлов _fПер. с англ. Л.А. Шубиной и Т.С. Шубиной _gПод ред. [и с предисл.] акад. С.В. Вонсовского |
|
| 210 |
_aМосква _cМир _d1974 |
||
| 215 |
_a221 с. _cчерт. _d20 |
||
| 225 | 1 |
_a[Новости физики твердого тела _vВып. 3] |
|
| 300 | _aДоп. тит. л.: Intermetallic rare-earth compounds. By K.N.R. Taylor | ||
| 320 | _aУказ. имен. и предм.: с. 214-219 | ||
| 320 | _aСписки лит. в тексте | ||
| 513 | 0 | _aIntermetallic rare-earth compounds | |
| 606 |
_aРедкие металлы, соединения _2psbo |
||
| 606 |
_aИнтерметаллические соединения _2psbo |
||
| 700 | 1 |
_aТейлор _bК. |
|
| 702 | 1 |
_aШубина _bТ.С. _4730 |
|
| 702 | 1 |
_aВонсовский _bС.В. _4340 _4080 |
|
| 702 | 1 |
_aШубина _bЛ.А. _4730 |
|
| 801 | 0 |
_aRU _bNLR _gpsbo |
|
| 801 | 1 |
_aRU _bELAR _2rusmarc |
|
| 852 |
_aNLR _jП7/1467 |
||
| 942 | _cBOOK | ||
| 980 | _aNB | ||